| 000 | 01099 a2200241 4500 | ||
|---|---|---|---|
| 001 | 40352 | ||
| 005 | 20260407155657.0 | ||
| 008 | 260407a1988 arg spa d | ||
| 003 | AR-UNSa-BCEJYS | ||
| 040 |
_aAR-UNSa-BCEJYS _bspa _cAR-UNSa-BCEJYS |
||
| 080 |
_a658.012.4 _xGestión. Dirección. Autoridad. Técnicas y métodos de gestión (gestión del conocimiento, Outsourcing, Benchmarking...) |
||
| 245 | 1 | 0 |
_aDinámica gerencial _pel arte de hacer que las cosas ocurran |
| 020 | _a968-422-497-4 | ||
| 264 | 1 |
_aMéxico : _bMcGraw-Hill _c1988 |
|
| 300 |
_axiii, 272 p. _c21 cm. |
||
| 505 | _a1. El propósito de una organización - 2. El papel del líder - 3. Concertación - 4. Puesta en práctica - 5. Un caso - 6. El manejo de las situaciones - 7. Cumplimiento - 8. El caso del CAI asesores - 9. Ideas sobre evaluación de personal - 10. Ideas fundamentales sobre administración - 11. Seguimiento | ||
| 041 | _aspa | ||
| 942 | _cBK | ||
| 590 | _aniveau_biblio:m niveau_hierar:0 | ||
| 100 | 1 | _aCrosby, Philip B. | |
| 700 | 1 | _aPeñaloza Díaz, Gabriel | |
| 700 | 1 | _aRubí Gómez, José Luis | |
| 999 |
_c3198 _d3198 |
||